000 00508nam a2200181Ia 4500
003 OSt
005 20260325153932.0
008 211028s2007 xx 000 0 und d
040 _cAIMIT LIBRARY
041 _aeng
082 _a658.8 PRAF
100 _aPrafulla C;Shanbhag, Santhosh.
_g50971358
_95755
245 _aImpact of foreign institutional investors on Indian stock market /
260 _bShanbhag, Santhosh
_c2007
600 _aMarketing
_95756
650 _aMarketing
_95757
942 _2ddc
_cPRO
999 _c218010
_d218010